000 00479nam a2200205Ia 4500
008 210210b1960 xxu||||| |||| 00| 0 eng d
041 _aeng
082 _a330/360
100 _aROBINSON (Joan)
245 _aIntroduction to the theory of employment
260 _aLondon
_bMacmillan & Co. Ltd.
_c1960
650 _ato
650 _atheory
650 _athe
650 _aof
650 _aIntroduction
650 _aemployment
690 _aEconomics
906 _a003763
999 _c120708
_d120708